Marki samochodów #4 - Statystyki

Ogólne statystyki
  • Ten quiz został rozwiązany 175 razy
    171 od ostatniego zresetowania
  • Średni wynik to 6 z 7
Odpowiedzi na mapie
Odpowiedzi zakodowano w zielono-czerwonej skali na mapie do tego quizu, zgodnie z poniższymi procentami.
 
Statystyki odpowiedzi
Odpowiedź % Poprawnych
Audi
99%
Ferrari
96%
Land Rover
93%
Maybach
83%
Lincoln
65%
Smart
65%
Isuzu
60%
Nie znaleziono quizów pasujących do podanych kryteriów
Rozkład punktacji
Procent ludzi z każdym wynikiem
Percentyl według liczby udzielonych odpowiedzi
Twoja historia wyników
Nie rozwiązałeś tego quizu od ostatniego zresetowania